Representation theory of finite groups and associative algebras

Guardat en:
Dades bibliogràfiques
Autors principals: Curtis, Charles W (Autor), Reiner, Irving (Autor)
Format: Llibre
Idioma:anglès
Publicat: Nueva York John Wiley & Sons 1962
Col·lecció:Pure and Applied Mathematics, 11
Matèries:
Etiquetes: Afegir etiqueta
Sense etiquetes, Sigues el primer a etiquetar aquest registre!

MARC

LEADER 00000nam a2200000 a 4500
001 UCQ9947
003 CL-VaPUC
008 990128e19620000US |||||||||||||||||eng|d
082 0 4 |a 512.2  |b CUR  |2 21 
100 0 |a Curtis, Charles W  |e author  |9 424649 
700 0 |a Reiner, Irving  |e author  |9 424650 
245 1 0 |a Representation theory of finite groups and associative algebras 
300 |a 689 p 
942 |c BK 
945 |d 19990128 00:00:00  |a crobeson 
260 |a Nueva York  |b John Wiley & Sons  |c 1962 
650 0 |a Representaciones de grupos   |9 417402 
650 0 |a Grupos finitos  |9 270201 
650 0 |a Teoría de grupos   |9 270028 
650 0 |a Álgebra asociativa  |9 424651 
583 |a last modification  |c 19990128 00:00:00  |k Rodrigo Vera 
490 0 |a Pure and Applied Mathematics, 11 
999 |c 278840  |d 278838 
952 |0 0  |1 0  |4 0  |6 512_200000000000000_CUR_1962  |7 0  |8 A  |9 317627  |a BIBMAT  |b BIBMAT  |d 2019-11-20  |i 1319523  |o 512.2 CUR 1962  |p 1319523  |r 2025-01-07  |w 2019-11-20  |y BK  |k MAT